Normal view
MARC view
Entry Personal Name
001 - CONTROL NUMBER
- control field: 26594
003 - CONTROL NUMBER IDENTIFIER
- control field: ARRUPE
005 - DATE AND TIME OF LATEST TRANSACTION
- control field: 20161007114749.0
008 - FIXED-LENGTH DATA ELEMENTS
- fixed length control field: 161007|| aca||aabn | a|a d
040 ## - CATALOGING SOURCE
- Original cataloging agency: ARRUPE
- Transcribing agency: ARRUPE
100 ## - HEADING--PERSONAL NAME
- Personal name: Turner, J. M. W.
- Fuller form of name: (Joseph Mallord William),
- Dates associated with a name: 1775-1851.
670 ## - SOURCE DATA FOUND
- Source citation: Work cat.: (ARRUPE)0: Hirsh, Diana. 26593, The world of Turner, 1775-1851,, [1969]